000 00658nam a2200229 i 4500
001 C2-0158048
003 PPAK
005 20180727132904.0
008 980429s1992 my |||| ||||| | may d
040 _aPPAK
_beng
_cPPAK
_erda
082 0 4 _a899.2333
_223
090 0 0 _a899.2333
_bABU
_dKIH
100 0 _aAbu Hassan Morad,
_eauthor
245 1 0 _aPelangi senja
264 1 _aKuala Lumpur :
_bKementerian Pendidikan Malaysia ; Dewan Bahasa dan Pustaka ,
_c1992
300 _a178 pages ;
_c19 cm
336 _2rdacontent
_atext
337 _2rdamedia
_aunmediated
338 _2rdacarrier
_avolume
650 1 0 _aYoung adult fiction, Malay
942 _ddc
_cB
999 _c48596
_d48596